000 01312nam a22002657a 4500
005 20081117123210.0
008 081117t xxu||||| |||| 00| 0 hin d
010 _aHIN-93878
020 _c150.00
_a9789381050019
035 _aHN-66224
037 _bDBAD / PUB
040 _aDPL
_bHN
082 _a821
100 _aपाण्डेय, शिव कुमार 'विराट '
_934335
245 _aआधुनिका /
_cशिव कुमार पाण्डेय 'विराट ';हरिश्चन्द्र शाक्य द्वारा संपादित
246 _aAadhunika
_bShiv Kumar Pandey ' Virat'
260 _aमेरठ
_bनिरूपमा प्रकाशन
_c2011
270 _a506/13, शास्त्री नगर
_bमेरठ (उ.प्र.)
_k0121- 2709511
_mnirupmaprakashan@gmail.com
300 _a112पृ
_c22सेमी (सजिल्द)
650 _934325
_aहिन्दी कविता
650 _934326
_aHindi Poetry
700 _934327
_aशाक्य, हरिश्चन्द्र
942 _2ddc
_cHN
_mपाण्डेय
_h821
999 _c56316
_d56316